The brave little puppy and other stories

Bibliographic Details
Main Author: Blyton, Enid
Other Authors: Wickham, Janet (illustrated)
Format: Book
Published: London : Award Publications , 1993
Subjects:

MARC

LEADER 00000cam a2200000 7i4500
001 0000001892
002 000002056
005 20000330.0
020 |a 0861635914 
090 0 0 |a JF   |b BLY 
100 1 |a Blyton, Enid 
245 1 4 |a The brave little puppy and other stories   |c Enid Blyton ; illustrated by Janet Wickham 
260 |a London :   |b Award Publications ,   |c 1993 
300 |a 192p. :   |b ill. ;   |c 19cm. 
650 0 0 |a Children's stories 
700 1 |a Wickham, Janet ,   |e illustrated 
999 |a 00074769   |b BUKU   |c PINJAMAN   |e PERPUSTAKAAN KOMUNITI PETALING JAYA 
999 |a 035008   |b BUKU   |c PINJAMAN   |e PERPUSTAKAAN KOMUNITI PETALING JAYA 
999 |a 035009   |b BUKU   |c PINJAMAN   |e PERPUSTAKAAN KOMUNITI PETALING JAYA 
999 |a 045161   |b BUKU   |c PINJAMAN   |e PERPUSTAKAAN KOMUNITI PETALING JAYA 
999 |a 045163   |b BUKU   |c PINJAMAN   |e PERPUSTAKAAN KOMUNITI CAW KOTA DAMANSARA